000 00656nam a2200229Ia 4500
001 10858
003 GE_BSU
008 181216s||||||||xx |||||||||||||| ||und||
040 _cGE_BSU
080 _a821.353.1–11
100 _aქვარიანი,პაპუნა
245 _aბალაგანი.
245 _bპოემები.
245 _cრედ.დავით ახობაძე.
260 _aთბილისი.
260 _bმერანი.
260 _c1992.
300 _a62გვ;17სმ.
300 _eფოტო გარეკანზე.
653 _aბალაგანი.
942 _cBK
999 _c44100
_d44100